000 00832nam a2200277 a 4500
001 27133
003 BD-RjUL
005 20211209051122.0
008 181020s1951 ii 000 0deng
035 _a(BD-RjUL)27204
040 _aDLC
_cDLC
_dDLC
_dBD-RjUL
_beng
041 _aeng
082 0 0 _a297.5
_223
_bALE 1951
100 1 _aAli, Syed Ameer,
_d1849-1928.
_9223887
245 1 4 _aThe ethics of Islam with the Political spirit of Islam etc /
_cby Syed Ameer Ali.
250 _a2nd ed.
260 _aCalcutta:
_bThe Noor Library,
_c1951
300 _axiv, 52, xii p. ;
_c18 cm.
350 _aRs1.60
490 _aIslamic Series ;
_vNo. 2
650 0 _aReligious life
_xIslam.
_9223888
650 0 _aIslamic ethics
_9223889
830 _aIslamic Series ;
_vNo. 2
_9223890
942 _2ddc
_cRAR
999 _c27133
_d27133